000 00285 a2200133 4500
001 155281
040 _cEscola São Tomás de Aquino
240 1 0 _aProjeto Pitanguá
_lpor
245 1 0 _aProjeto Pitanguá
300 _a295
440 1 _aModerna
697 _aMATEMÁTICA
942 _cBK
999 _c155281
_d155281